Stray Kids Songs (starting with the letter F) - Statistics

General Stats
  • This quiz has been taken 43 times
  • The average score is 4 of 7
Answer Stats
Songs % Correct
FNF
90%
FAM
72%
Falling Up
69%
FREEZE
69%
Fairytale
52%
For You
34%
Fly High (Changbin)
24%
No matching quizzes found
Score Distribution
Percent of People with Each Score
Percentile by Number Answered
Your Score History
You have not taken this quiz